| 000 | 00000nam##2200000za#4500 |
| 001 | 9.647322 |
| 003 | CaOODSP |
| 005 | 20200330135130 |
| 007 | ta |
| 008 | 150407|1999||||xxc||||| f|0| 0 eng|d |
| 020 | |a0-662-27791-0 |
| 040 | |aCaOODSP|beng |
| 043 | |an-cn--- |
| 086 | 1 |aA2-190/1999E |
| 110 | 1 |aCanada. |bAgriculture and Agri-Food Canada. |
| 245 | 10|aCanada's action plan for food security : |ba response to the World Food Summit |
| 260 | |aOttawa - Ontario : |bAgriculture and Agri-Food Canada |c1999. |
| 300 | |a57p. : |billus. ; |c23 cm. |
| 500 | |a"The structure of this document is based on the WFS Plan of Action endorsed by 187 countries at the World Food Summit in Rome in 1996. The WFS Plan of Action contains seven commitments, which also form the backbone of this document. Part II outlines Canada's plan for actions in the domestic environment, and Part III outlines Canada's plan for actions in the international environment as a donor to developing countries and countries in transition; as a member of the multilateral community; and as a trading nation. Each action is followed by a list of the main implementing organizations in parentheses. Lastly, Part IV details Canada's approach to the implementation and monitoring of its Action Plan."--Page 1. |
| 520 | 3 |aThe structure of this document is based on the WFS Plan of Action endorsed by 187 countries at the World Food Summit in Rome in 1996. The WFS Plan of Action contains seven commitments, which also form the backbone of this document. Part II outlines Canada's plan for actions in the domestic environment, and Part III outlines Canada's plan for actions in the international environment as a donor to developing countries and countries in transition; as a member of the multilateral community; and as a trading nation. Each action is followed by a list of the main implementing organizations in parentheses. Lastly, Part IV details Canada's approach to the implementation and monitoring of its Action Plan.--Page 1 |
| 563 | |aSoftcover |
| 590 | |a99-20|b1999-05-21 |
| 690 | 07|aAgricultural policy|2gcpds |
| 690 | 07|aAgri-food industry|2gcpds |
| 775 | 08|tPlan d'action du Canada pour la sécurité alimentaire : |w(CaOODSP)9.680747 |
| 776 | 0#|tCanada's action plan for food security (1998) |w(CaOODSP)9.697723 |
| 986 | |a1987E,1998 |